Statistics for Mitski Music Videos

Click here to take the quiz!

General Stats

  • This quiz has been taken 43 times
  • The average score is 6 of 10

Answer Stats

HintAnswer% Correct
Mitski stacks chairs in a warehouse in order to climb atop them.My Love Mine All Mine
78%
Mitski runs on a beach at low tide.Geyser
69%
A woman finds out that the man she thought was cheating on her was actually murdering women and gifting her their jewelry.Happy
69%
Mitski searches for somebody to talk to in a surreal world.Nobody
67%
Mitski walks through a forest that slowly starts to burn, and eventually ends up destroying the planet.The Only Heartbreaker
67%
An obnoxious white couple make out while Mitski makes love to her hand and plays the guitar.Your Best American Girl
67%
Mitski is attacked by Labyrinth-esque monsters in a garden, with references to Little Shop of Horrors.Stay Soft
64%
Various animated images including balloons, cake, and Mitski shaving her eyebrow with a white, pink, and orange color scheme.Townie
64%
Animated sketches of Mitski with a white, blue, and black color scheme.Goodbye, My Danish Sweetheart
22%
Mitski walks around her college campus and plays the piano.Because Dreaming Costs Money, My Dear
19%

Score Distribution

Percentile by Number Answered

Percent of People with Each Score

Your Score History

You have not taken this quiz